00325nam a2200121Ia 4500008004100000041000800041082001200049100002100061245004500082260003300127300003200160365001100192240624s9999 xx 000 0 und d aeng a658 MUK aMUKHERJEE KAMPAN aCORE SECTOR MANAGEMENT FOR GLOBAL COMPET c2010aNew DelhibExcel Books axvii, : 304 : p. : cm. ; 23 cRSb30